Library Banner

Community/Public health nursing : (Record no. 139992)

MARC details
000 -LEADER
fixed length control field 00502nam a22001697a 4500
005 - DATE AND TIME OF LATEST TRANSACTION
control field 20260305112643.0
008 - FIXED-LENGTH DATA ELEMENTS--GENERAL INFORMATION
fixed length control field 260305b |||||||| |||| 00| 0 eng d
020 ## - INTERNATIONAL STANDARD BOOK NUMBER
International Standard Book Number 9780323795319 (pbk)
040 ## - CATALOGING SOURCE
Transcribing agency PK-LaUMT
082 ## - DEWEY DECIMAL CLASSIFICATION NUMBER
Classification number 610.7343
Item number NIE-C
100 ## - MAIN ENTRY--PERSONAL NAME
Personal name Nies, Mary A.
245 ## - TITLE STATEMENT
Title Community/Public health nursing :
Remainder of title promoting the health of populations /
Statement of responsibility, etc by Mary A. Nies and Melanie McEwen
250 ## - EDITION STATEMENT
Edition statement 8th ed
260 ## - PUBLICATION, DISTRIBUTION, ETC. (IMPRINT)
Place of publication, distribution, etc Missouri :
Name of publisher, distributor, etc Elsevier,
Date of publication, distribution, etc 2024
300 ## - PHYSICAL DESCRIPTION
Extent 780 p.
942 ## - ADDED ENTRY ELEMENTS (KOHA)
Koha item type Books
Holdings
Withdrawn status Lost status Damaged status Home library Current library Date acquired Full call number Barcode Date last seen Price effective from Koha item type
      UMT Health Sciences Campus UMT Health Sciences Campus 2026-03-05 610.7343 NIE-C 152180 2026-03-05 2026-03-05 Books